Impérium lže
Salvato in:
| Autore principale: | |
|---|---|
| Natura: | Libro |
| Lingua: | ceco |
| Pubblicazione: |
Olomouc
Broken Books
2016
|
| Soggetti: | |
| Tags: |
Nessun Tag, puoi essere il primo ad aggiungerne!!
|
MARC
| LEADER | 00000nam a2200000 4500 | ||
|---|---|---|---|
| 001 | 0221740 | ||
| 005 | 20231215114604.4 | ||
| 020 | |a 978-80-906307-1-0 | ||
| 041 | 0 | |a cze | |
| 044 | |a CZ | ||
| 245 | 1 | 0 | |a Impérium lže |c Andre Vltchek |
| 264 | 1 | |a Olomouc |b Broken Books |c 2016 | |
| 300 | |a 184 s. | ||
| 610 | 2 | 0 | |a politika medzinárodná |
| 610 | 2 | 0 | |a propaganda |
| 610 | 2 | 0 | |a revolúcia |
| 610 | 2 | 0 | |a islam |
| 610 | 2 | 0 | |a zmeny klimatické |
| 610 | 2 | 0 | |a Sýria |
| 610 | 2 | 0 | |a Izrael |
| 610 | 2 | 0 | |a chudoba |
| 610 | 2 | 0 | |a Palestína |
| 610 | 2 | 0 | |a Papua-Nová Guinea |
| 610 | 2 | 0 | |a Kongo |
| 610 | 2 | 0 | |a Irak |
| 610 | 2 | 0 | |a Stredný východ |
| 610 | 2 | 0 | |a terorizmus |
| 100 | 1 | |a Vltchek, Andre | |